Ciao in 15 Lingue - Statistics

Statistiche generali
  • Questo quiz è stato fatto 698 volte
  • Il punteggio medio è 10 su 15
Statistiche sulle risposte
Indizio Lingua % Corretto
Hello Inglese
100%
Ciao Italiano
100%
Bonjour Francese
99%
Hola Spagnolo
99%
你好 Cinese
95%
Привет Russo
93%
مرحبًا Arabo
92%
こんにちは Giapponese
90%
Olá Portoghese
88%
Γεια σας Greco
62%
नमस्कार Hindi
45%
Xin chào Vietnamita
27%
Merhaba Turco
23%
Hujambo Swahili
15%
Sveiki Lituano
8%
Nessun quiz corrispondente trovato
Distribuzione punteggi
Percentuale di utenti per punteggio
Percentile per numero di risposta
I tuoi punteggi nel tempo
Non hai fatto questo quiz